[Event "47th World Open"]
[Site "Philadelphia"]
[Date "2019.07.05"]
[Round "5"]
[White "Quesada Perez, Yasser"]
[Black "Zhou, Jianchao"]
[Result "1/2-1/2"]
[WhiteElo "2572"]
[BlackElo "2608"]
[PlyCount "88"]
[EventDate "2019.07.??"]
[EventType "swiss"]
[EventRounds "9"]
[EventCountry "USA"]

1. e4 c5 2. Nf3 d6 3. Nc3 a6 4. g3 e5 5. Bg2 Nc6 6. d3 g6 7. O-O Bg7 8. Nd2
Nge7 9. Nc4 O-O 10. Nd5 Rb8 11. c3 b5 12. Nce3 Nxd5 13. Nxd5 Be6 14. h4 Ne7 15.
Bg5 f6 16. Be3 f5 17. Bg5 Bxd5 18. exd5 Qd7 19. b4 cxb4 20. cxb4 f4 21. Bxe7
Qxe7 22. Be4 fxg3 23. fxg3 Rxf1+ 24. Kxf1 Bh6 25. Kg2 Qd7 26. a4 bxa4 27. Rxa4
Be3 28. Rxa6 Rxb4 29. Ra2 Kg7 30. h5 Rb8 31. Qe1 Bd4 32. Qc1 Qe7 33. Rc2 Bc5
34. Qh1 Rf8 35. Rb2 Bd4 36. Rc2 Bc5 37. Rb2 Bd4 38. Rc2 Qf7 39. Qc1 Bc5 40.
hxg6 hxg6 41. Kh1 Rh8+ 42. Rh2 Rxh2+ 43. Kxh2 Qf2+ 44. Kh3 Qe3 1/2-1/2

[Event "47th World Open"]
[Site "Philadelphia"]
[Date "2019.07.05"]
[Round "5"]
[White "Fedorowicz, John"]
[Black "Lenderman, Aleksandr"]
[Result "1-0"]
[WhiteElo "2420"]
[BlackElo "2640"]
[PlyCount "73"]
[EventDate "2019.07.??"]
[EventType "swiss"]
[EventRounds "9"]
[EventCountry "USA"]

1. e4 e6 2. d4 d5 3. Nd2 Be7 4. Ngf3 Nf6 5. Bd3 c5 6. e5 Nfd7 7. c3 Nc6 8. O-O
a5 9. Re1 cxd4 10. cxd4 g5 11. h3 h5 12. Nf1 Qb6 13. Be3 g4 14. hxg4 hxg4 15.
N3h2 Bb4 16. Qxg4 Bxe1 17. Rxe1 Qxb2 18. Qg7 Rf8 19. Ng4 Qxa2 20. Nh6 Qb2 21.
Bg5 Qxd4 22. Bb5 Qb4 23. Bxc6 bxc6 24. Re3 Ba6 25. Ng4 Qb2 26. Rh3 Qb4 27. Rh4
Bc4 28. Ng3 Qb1+ 29. Kh2 Be2 30. Nf6+ Nxf6 31. Qxf6 Qb7 32. Nxe2 c5 33. Nf4 Kd7
34. Nxe6 fxe6 35. Rh7+ Kc6 36. Qxe6+ Kb5 37. Rxb7+ 1-0

[Event "47th World Open"]
[Site "Philadelphia"]
[Date "2019.07.05"]
[Round "5"]
[White "Hakobyan, Aram"]
[Black "Kavutskiy, Konstantin"]
[Result "1-0"]
[WhiteElo "2568"]
[BlackElo "2412"]
[PlyCount "109"]
[EventDate "2019.07.??"]
[EventType "swiss"]
[EventRounds "9"]
[EventCountry "USA"]

1. d4 Nf6 2. c4 g6 3. Nc3 Bg7 4. Nf3 O-O 5. e4 d6 6. Be2 e5 7. O-O Nc6 8. Be3
Ng4 9. Bg5 f6 10. Bh4 Nh6 11. dxe5 dxe5 12. Qb3 Nd4 13. Nxd4 exd4 14. c5+ Kh8
15. Rad1 g5 16. Bg3 f5 17. exf5 Nxf5 18. Nb5 a6 19. Nxc7 Nxg3 20. Qxg3 Rb8 21.
Nxa6 Ra8 22. Nc7 Rxa2 23. Qb3 Ra5 24. Qb6 Ra4 25. Qb3 Ra5 26. Nb5 Qe7 27. Qc4
Bd7 28. Nd6 b6 29. b4 Ra4 30. Bh5 bxc5 31. Nf7+ Rxf7 32. Rfe1 Qf6 33. Bxf7 Bf8
34. Qd5 Bc6 35. Qe5 Qxe5 36. Rxe5 Kg7 37. Bd5 Bxd5 38. Rxg5+ Kf6 39. Rxd5 Rxb4
40. Re1 Rb6 41. g4 Rc6 42. Kf1 Bg7 43. Rc1 c4 44. Rxd4 c3 45. Re4 Kg5 46. Kg2
h5 47. h3 hxg4 48. hxg4 Kh4 49. Rc2 Rd6 50. f3 Rd1 51. Ra4 Kg5 52. Ra5+ Kg6 53.
Rc5 Rd3 54. Ra2 Rd6 55. Ra3 1-0

[Event "47th World Open"]
[Site "Philadelphia"]
[Date "2019.07.05"]
[Round "5"]
[White "Corrales Jimenez, Fidel"]
[Black "Lapshun, Yury"]
[Result "1-0"]
[WhiteElo "2548"]
[BlackElo "2392"]
[PlyCount "81"]
[EventDate "2019.07.??"]
[EventType "swiss"]
[EventRounds "9"]
[EventCountry "USA"]

1. e4 c6 2. d4 d5 3. e5 Bf5 4. Nf3 e6 5. Be2 Nd7 6. O-O Ne7 7. Nh4 Be4 8. Nd2
g5 9. Nxe4 dxe4 10. Bxg5 Rg8 11. Qd2 h6 12. Bf4 Nd5 13. Bg3 Be7 14. Qxh6 Nf8
15. Rad1 Bg5 16. Qh5 Rg7 17. c4 Rh7 18. Qg4 Bxh4 19. cxd5 Bxg3 20. fxg3 Qxd5
21. b3 Qa5 22. a4 Qc3 23. Qxe4 Qxb3 24. Rb1 Qxa4 25. Rxb7 Rd8 26. Bf3 Qxd4+ 27.
Qxd4 Rxd4 28. Bxc6+ Nd7 29. Rxa7 Kd8 30. Rb1 Rh5 31. Rbb7 Rd1+ 32. Kf2 Rxh2 33.
Rxd7+ Rxd7 34. Bxd7 Ke7 35. Bc6+ Kf8 36. g4 Rh1 37. Kg3 Rc1 38. Be4 Re1 39. Kf4
Rf1+ 40. Kg5 Re1 41. Kf6 1-0

[Event "47th World Open"]
[Site "Philadelphia"]
[Date "2019.07.05"]
[Round "5"]
[White "Turgut, Aydin"]
[Black "Chirila, Ioan-Cristian"]
[Result "0-1"]
[WhiteElo "2378"]
[BlackElo "2534"]
[PlyCount "125"]
[EventDate "2019.07.??"]
[EventType "swiss"]
[EventRounds "9"]
[EventCountry "USA"]

1. e4 c5 2. Nf3 Nc6 3. d4 cxd4 4. Nxd4 Qb6 5. Nb3 Nf6 6. Nc3 e6 7. Qe2 Bb4 8.
Bd2 O-O 9. a3 Bxc3 10. Bxc3 e5 11. O-O-O Re8 12. Kb1 Qc7 13. g4 d5 14. exd5
Bxg4 15. f3 Nd4 16. Bxd4 exd4 17. Qf2 Qf4 18. Bg2 Bf5 19. Qxd4 Bxc2+ 20. Kxc2
Qf5+ 21. Qd3 Re2+ 22. Kb1 Qxd3+ 23. Rxd3 Rxg2 24. Re1 Rxh2 25. d6 Rd8 26. Na5
Rd7 27. Re7 h5 28. Rxd7 Nxd7 29. Re3 b6 30. Nc4 Rh4 31. b3 Rd4 32. Re7 Nf6 33.
a4 h4 34. Re2 Kh7 35. Kc2 Nd7 36. Rh2 g5 37. Kc3 Rf4 38. Rh3 Kg6 39. Ne3 Rf6
40. Nc4 a6 41. b4 b5 42. axb5 axb5 43. Na3 Rf5 44. Nc2 Rd5 45. Nd4 Kh5 46. Rh1
Rxd6 47. Nxb5 Rc6+ 48. Kd3 Rb6 49. Kc4 Ne5+ 50. Kc5 Rb8 51. Rf1 Rc8+ 52. Kd5
Nd3 53. Nd6 Nxb4+ 54. Ke5 Nd3+ 55. Ke4 Rc7 56. Nxf7 Nc5+ 57. Kd5 Rxf7 58. Kxc5
h3 59. Kd4 Kh4 60. Ke3 g4 61. f4 h2 62. Ra1 Kh3 63. Ra5 0-1

[Event "47th World Open"]
[Site "Philadelphia"]
[Date "2019.07.05"]
[Round "5"]
[White "Daggupati, Balaji"]
[Black "Shabalov, Alexander"]
[Result "1/2-1/2"]
[WhiteElo "2353"]
[BlackElo "2500"]
[PlyCount "86"]
[EventDate "2019.07.??"]
[EventType "swiss"]
[EventRounds "9"]
[EventCountry "USA"]

1. e4 c5 2. Nf3 e6 3. d4 cxd4 4. Nxd4 Nc6 5. Nc3 Qc7 6. Be2 a6 7. O-O Bc5 8.
Be3 d6 9. Qd2 Nf6 10. Nxc6 Bxe3 11. Qxe3 bxc6 12. e5 dxe5 13. Qc5 Nd7 14. Qa3
Bb7 15. Bf3 c5 16. Bxb7 Qxb7 17. Rfd1 Qb4 18. Qa4 Qxa4 19. Nxa4 Ke7 20. Rd2 Ra7
21. Rad1 Rc8 22. Rd6 Rcc7 23. c4 Nf6 24. Rb6 Nd7 25. Rbd6 e4 26. b3 f5 27. Kf1
g5 28. Ke2 h5 29. g3 g4 30. Nb6 a5 31. Nxd7 Rxd7 32. Rc6 Rxd1 33. Kxd1 a4 34.
Rxc5 axb3 35. axb3 Ra2 36. Ke1 h4 37. gxh4 Kd6 38. Rb5 f4 39. Rg5 f3 40. c5+
Kc6 41. Re5 Ra1+ 42. Kd2 Ra2+ 43. Ke1 Ra1+ 1/2-1/2

[Event "47th World Open"]
[Site "Philadelphia"]
[Date "2019.07.05"]
[Round "5"]
[White "Cordova, Emilio"]
[Black "Posthuma, Joshua"]
[Result "1/2-1/2"]
[WhiteElo "2615"]
[BlackElo "2321"]
[PlyCount "21"]
[EventDate "2019.07.??"]
[EventType "swiss"]
[EventRounds "9"]
[EventCountry "USA"]

1. d4 Nf6 2. Nf3 c5 3. e3 g6 4. Be2 Bg7 5. O-O O-O 6. dxc5 Qa5 7. a3 Qxc5 8. b4
Qc7 9. Bb2 d5 10. Nbd2 Bg4 11. Rc1 1/2-1/2

[Event "47th World Open"]
[Site "Philadelphia"]
[Date "2019.07.05"]
[Round "5"]
[White "Boekhoff, Andrew"]
[Black "Niemann, Hans"]
[Result "1-0"]
[WhiteElo "2284"]
[BlackElo "2467"]
[PlyCount "77"]
[EventDate "2019.07.??"]
[EventType "swiss"]
[EventRounds "9"]
[EventCountry "USA"]

1. Nf3 Nf6 2. c4 e6 3. Nc3 d5 4. e3 b6 5. cxd5 exd5 6. Bb5+ c6 7. Be2 Bd6 8. b3
Bf5 9. Bb2 O-O 10. O-O Qe7 11. Re1 h6 12. d3 Bh7 13. Bf1 Rd8 14. a3 Nbd7 15.
Ne2 Ne5 16. Nxe5 Bxe5 17. Bxe5 Qxe5 18. d4 Qd6 19. Nf4 Bf5 20. b4 a5 21. Qd2
Ra7 22. Red1 b5 23. Bd3 Bxd3 24. Nxd3 Rda8 25. Rac1 a4 26. f3 Nd7 27. Qc3 Rc7
28. e4 dxe4 29. fxe4 Qg6 30. e5 Nb6 31. Nf4 Qe4 32. Qg3 Nc4 33. Rd3 Rd7 34. Re1
Qh7 35. e6 fxe6 36. Ng6 Re8 37. Rxe6 Rdd8 38. Rxc6 Re2 39. h4 1-0

[Event "47th World Open"]
[Site "Philadelphia"]
[Date "2019.07.05"]
[Round "5"]
[White "Wang, Justin"]
[Black "Homa, Seth"]
[Result "1-0"]
[WhiteElo "2457"]
[BlackElo "2281"]
[PlyCount "89"]
[EventDate "2019.07.??"]
[EventType "swiss"]
[EventRounds "9"]
[EventCountry "USA"]

1. e4 c5 2. Nf3 Nc6 3. d4 cxd4 4. Nxd4 e6 5. Nc3 Qc7 6. Be3 a6 7. a3 b5 8. Nxc6
Qxc6 9. Be2 Bb7 10. O-O Rc8 11. Bf3 Qc7 12. Qd2 Bd6 13. g3 Be5 14. Bd4 Nf6 15.
Rad1 d6 16. Qg5 O-O 17. Bxe5 dxe5 18. Rd3 Rfd8 19. Rfd1 Rxd3 20. Rxd3 h6 21.
Qe3 Kf8 22. Be2 Ke7 23. f3 Qc5 24. Kf2 Ne8 25. Rd2 Nd6 26. a4 f5 27. axb5 fxe4
28. Qxc5 Rxc5 29. bxa6 Bc6 30. fxe4 Rxc3 31. bxc3 Nxe4+ 32. Ke3 Nxd2 33. Kxd2
Kd6 34. Ke3 e4 35. Bf1 Ke5 36. Bg2 g5 37. c4 Ba8 38. a7 Bb7 39. c5 Ba8 40. c4
g4 41. Bf1 h5 42. Be2 Bb7 43. Bd1 Bc6 44. Bc2 Kf5 45. Ba4 1-0

[Event "47th World Open"]
[Site "Philadelphia"]
[Date "2019.07.05"]
[Round "5"]
[White "Turgut, Tansel"]
[Black "Katz, Alexander"]
[Result "1/2-1/2"]
[WhiteElo "2202"]
[BlackElo "2429"]
[PlyCount "55"]
[EventDate "2019.07.??"]
[EventType "swiss"]
[EventRounds "9"]
[EventCountry "USA"]

1. d4 d6 2. Nf3 g6 3. Bf4 Bg7 4. e3 Nf6 5. h3 O-O 6. Be2 b6 7. O-O Bb7 8. c4
Nbd7 9. Nc3 Re8 10. Qc2 e5 11. dxe5 Nxe5 12. Nxe5 dxe5 13. Rfd1 Qe7 14. Bh2
Rad8 15. Rxd8 Rxd8 16. Rd1 Rxd1+ 17. Qxd1 h5 18. Bf3 Bxf3 19. Qxf3 Qd6 20. Qd1
Qxd1+ 21. Nxd1 Nd7 22. Kf1 c6 23. e4 Kf8 24. f3 Ke7 25. Bg1 Ke6 26. Nf2 Bf8 27.
Nd3 Bc5 28. Bxc5 1/2-1/2

[Event "47th World Open"]
[Site "Philadelphia"]
[Date "2019.07.05"]
[Round "5"]
[White "Flaquer, Luis"]
[Black "Shetty, Atulya"]
[Result "0-1"]
[WhiteElo "2175"]
[BlackElo "2420"]
[PlyCount "58"]
[EventDate "2019.07.??"]
[EventType "swiss"]
[EventRounds "9"]
[EventCountry "USA"]

1. Nc3 d5 2. d4 Nf6 3. Bg5 e6 4. e4 Be7 5. e5 Nfd7 6. Bxe7 Qxe7 7. f4 a6 8. Qg4
g6 9. O-O-O c5 10. dxc5 Qxc5 11. Nf3 Nc6 12. h4 h5 13. Qg5 b5 14. Bd3 Ne7 15.
g4 b4 16. Ne2 Qe3+ 17. Nd2 Nc5 18. Ng1 Nxd3+ 19. cxd3 Bb7 20. Kb1 Qxd3+ 21. Ka1
hxg4 22. Qxg4 Nf5 23. Nb3 Qe4 24. Qf3 Qxf3 25. Nxf3 d4 26. Nbd2 Rc8 27. Rh3 Ke7
28. b3 Rc3 29. Kb1 Rhc8 0-1

[Event "47th World Open"]
[Site "Philadelphia"]
[Date "2019.07.05"]
[Round "5"]
[White "Zhang, Eric"]
[Black "Husbands, Orlando"]
[Result "1/2-1/2"]
[WhiteElo "2040"]
[BlackElo "2289"]
[PlyCount "48"]
[EventDate "2019.07.??"]
[EventType "swiss"]
[EventRounds "9"]
[EventCountry "USA"]

1. d4 Nf6 2. c4 e6 3. Nf3 d5 4. Nc3 c6 5. Bg5 Nbd7 6. e3 Qa5 7. Nd2 Bb4 8. Qc2
O-O 9. Be2 dxc4 10. Bxf6 Nxf6 11. Nxc4 Qc7 12. O-O Nd5 13. a3 Be7 14. b4 b6 15.
Ne5 Bb7 16. Rfe1 Nxc3 17. Qxc3 Rac8 18. Nd3 Ba6 19. Bf3 c5 20. bxc5 Bxd3 21.
Qxd3 bxc5 22. dxc5 Bxc5 23. Qb5 Qb6 24. Qxb6 Bxb6 1/2-1/2

[Event "47th World Open"]
[Site "Philadelphia"]
[Date "2019.07.05"]
[Round "5"]
[White "Canty, James"]
[Black "Bennett, David"]
[Result "1-0"]
[WhiteElo "2233"]
[BlackElo "2020"]
[PlyCount "67"]
[EventDate "2019.07.??"]
[EventType "swiss"]
[EventRounds "9"]
[EventCountry "USA"]

1. e4 c6 2. d4 d5 3. exd5 cxd5 4. Bd3 Nc6 5. c3 Qc7 6. Ne2 Nf6 7. Bf4 Qb6 8.
Qb3 Nd7 9. Nd2 e5 10. dxe5 Qxb3 11. Nxb3 Ndxe5 12. Bxe5 Nxe5 13. Bb5+ Ke7 14.
f4 Nc4 15. O-O-O Nb6 16. Rhe1 Kf6 17. Ng3 h5 18. Re8 Be6 19. Rxa8 Nxa8 20. f5
h4 21. fxe6 hxg3 22. Rf1+ Kxe6 23. Nd4+ Kd6 24. hxg3 f6 25. Re1 Nc7 26. Ba4 Rh2
27. b4 g6 28. Re2 Bh6+ 29. Kb2 Bg7 30. Bc2 f5 31. a4 Rh1 32. Bb3 g5 33. Bc2 g4
34. b5 1-0

[Event "47th World Open"]
[Site "Philadelphia"]
[Date "2019.07.05"]
[Round "5"]
[White "Mahajan, Rushaan"]
[Black "Hurtado Bahamonde, Rodrigo"]
[Result "1/2-1/2"]
[WhiteElo "1889"]
[BlackElo "2149"]
[PlyCount "113"]
[EventDate "2019.07.??"]
[EventType "swiss"]
[EventRounds "9"]
[EventCountry "USA"]

1. d4 d5 2. Bf4 Nf6 3. e3 e6 4. Nf3 Bd6 5. Bg3 O-O 6. Nbd2 c5 7. c3 b6 8. Bd3
Nc6 9. Ne5 Bb7 10. O-O Ne7 11. Bh4 Ng6 12. Nxg6 hxg6 13. Nf3 Qc7 14. Bg3 Bxg3
15. hxg3 Qe7 16. Ne5 Nd7 17. f4 Nxe5 18. fxe5 Qg5 19. Qf3 a5 20. a4 Ba6 21.
Bxa6 Rxa6 22. Qf4 Qxf4 23. gxf4 Ra7 24. Kf2 c4 25. Rfb1 Rc8 26. Ke2 Kh7 27. g4
Rac7 28. Kd2 Rh8 29. Rh1+ Kg8 30. Rxh8+ Kxh8 31. e4 dxe4 32. Ke3 f5 33. exf6
gxf6 34. Kxe4 Rh7 35. d5 exd5+ 36. Kxd5 Rh2 37. Rb1 Rg2 38. Kxc4 Rxg4 39. Kb5
Rxf4 40. b4 g5 41. Kxb6 axb4 42. cxb4 g4 43. a5 g3 44. b5 Rg4 45. a6 f5 46. a7
Ra4 47. Rf1 f4 48. Rxf4 g2 49. Rxa4 g1=Q+ 50. Ka6 Qg6+ 51. b6 Qd3+ 52. Ka5 Qd5+
53. Kb4 Qd4+ 54. Kb5 Qd5+ 55. Ka6 Qd3+ 56. Kb7 Qd7+ 57. Kb8 1/2-1/2

[Event "47th World Open"]
[Site "Philadelphia"]
[Date "2019.07.05"]
[Round "5"]
[White "Oberoi, Shelev"]
[Black "Melaugh, Shane"]
[Result "1-0"]
[WhiteElo "1973"]
[BlackElo "2126"]
[PlyCount "65"]
[EventDate "2019.07.??"]
[EventType "swiss"]
[EventRounds "9"]
[EventCountry "USA"]

1. e4 c5 2. c3 Nf6 3. e5 Nd5 4. Nf3 Nc6 5. d4 cxd4 6. Bc4 Nb6 7. Bb3 e6 8. cxd4
d5 9. a3 Be7 10. Nc3 O-O 11. Qd3 f5 12. exf6 Bxf6 13. Bc2 g6 14. Bh6 Re8 15.
Ne5 Nxe5 16. dxe5 Bxe5 17. h4 Nc4 18. Rb1 Qf6 19. Bg5 Nxb2 20. Rxb2 Bxc3+ 21.
Kf1 Qd4 22. Rb3 Qxd3+ 23. Bxd3 Bd4 24. h5 Kg7 25. hxg6 hxg6 26. Rh6 Rg8 27. Bc2
Kf7 28. Rf3+ Ke8 29. Rh7 Rg7 30. Ba4+ Rd7 31. Re7+ Kd8 32. Rxd7+ Ke8 33. Re7+
1-0

[Event "47th World Open"]
[Site "Philadelphia"]
[Date "2019.07.05"]
[Round "4.2"]
[White "Quesada Perez, Yasser"]
[Black "Melkumyan, Hrant"]
[Result "1/2-1/2"]
[WhiteElo "2572"]
[BlackElo "2658"]
[PlyCount "48"]
[EventDate "2019.07.??"]
[EventType "swiss"]
[EventRounds "9"]
[EventCountry "USA"]

1. e4 c6 2. d4 d5 3. Nc3 dxe4 4. Nxe4 Bf5 5. Ng3 Bg6 6. h4 h6 7. Nf3 e6 8. h5
Bh7 9. Bd3 Bxd3 10. Qxd3 Nf6 11. Bd2 Qb6 12. O-O-O Qa6 13. Qxa6 Nxa6 14. Ne5 c5
15. Be3 Rc8 16. dxc5 Bxc5 17. Rhe1 O-O 18. Bxc5 Nxc5 19. Rd4 b5 20. Kb1 Rfd8
21. Red1 Rxd4 22. Rxd4 a5 23. c4 bxc4 24. Rxc4 Rc7 1/2-1/2

[Event "47th World Open"]
[Site "Philadelphia"]
[Date "2019.07.05"]
[Round "4.3"]
[White "Nyzhnyk, Illya"]
[Black "Gordievsky, Dmitry"]
[Result "1-0"]
[WhiteElo "2657"]
[BlackElo "2590"]
[PlyCount "81"]
[EventDate "2019.07.??"]
[EventType "swiss"]
[EventRounds "9"]
[EventCountry "USA"]

1. c4 c5 2. b3 b6 3. Nf3 Bb7 4. Bb2 e6 5. g3 Nf6 6. Bg2 Be7 7. O-O O-O 8. d4
cxd4 9. Qxd4 d6 10. Nc3 Nbd7 11. Rfd1 a6 12. Qd2 Qc7 13. Nd4 Bxg2 14. Kxg2 Qb7+
15. f3 Rfe8 16. e4 Rad8 17. Qe2 Bf8 18. Rd2 Ne5 19. Rad1 Rb8 20. f4 Ng6 21. Nf3
b5 22. cxb5 axb5 23. e5 dxe5 24. fxe5 Ng4 25. Ne4 Qa7 26. Bd4 Qa8 27. Ba1 b4
28. h3 Nh6 29. Kh2 Nf5 30. Nd6 Re7 31. h4 Ra7 32. Nxf5 exf5 33. h5 Nh8 34. Nd4
g6 35. Nb5 Ra5 36. Nd6 Bh6 37. e6 Bxd2 38. Rxd2 f4 39. g4 f3 40. exf7+ Nxf7 41.
Qe6 1-0

[Event "47th World Open"]
[Site "Philadelphia"]
[Date "2019.07.05"]
[Round "4"]
[White "Bruzon Batista, Lazaro"]
[Black "Wang, Justin"]
[Result "1-0"]
[WhiteElo "2661"]
[BlackElo "2457"]
[PlyCount "85"]
[EventDate "2019.07.??"]
[EventType "swiss"]
[EventRounds "9"]
[EventCountry "USA"]

1. c4 Nf6 2. g3 e6 3. Bg2 d5 4. Nf3 dxc4 5. Qa4+ Bd7 6. Qxc4 c5 7. d4 Bc6 8.
dxc5 Nbd7 9. Be3 Bd5 10. Qc2 Rc8 11. b4 b6 12. Nc3 bxc5 13. b5 Bd6 14. O-O h6
15. Rfd1 Qe7 16. Nxd5 Nxd5 17. Bd2 O-O 18. e4 Nb4 19. Qb1 Rb8 20. Bc3 Rfd8 21.
Qb2 f6 22. Qe2 c4 23. Qxc4 Rdc8 24. Qd4 Nc2 25. Qxd6 Qxd6 26. Rxd6 Nxa1 27.
Bxa1 Rc1+ 28. Bf1 Rxa1 29. Rxd7 Rxb5 30. Kg2 Rb4 31. Rxa7 g5 32. a3 Rb2 33. Bc4
Rc1 34. Bxe6+ Kh8 35. Ra8+ Kg7 36. Nd4 h5 37. Nf5+ Kh7 38. Ra7+ Kh8 39. Ne7 Kh7
40. Nd5+ Kh6 41. Bf5 g4 42. Nf4 Rb6 43. Rh7+ 1-0

[Event "47th World Open"]
[Site "Philadelphia"]
[Date "2019.07.05"]
[Round "4"]
[White "Shabalov, Alexander"]
[Black "Quesada Perez, Yuniesky"]
[Result "1/2-1/2"]
[WhiteElo "2500"]
[BlackElo "2626"]
[PlyCount "43"]
[EventDate "2019.07.??"]
[EventType "swiss"]
[EventRounds "9"]
[EventCountry "USA"]

1. e4 e5 2. Nf3 Nc6 3. Bb5 Nf6 4. Nc3 Bb4 5. O-O O-O 6. d3 Bxc3 7. bxc3 d6 8.
Bg5 a6 9. Bxc6 bxc6 10. h3 Qe7 11. Nd2 h6 12. Be3 Nh7 13. f4 exf4 14. Bxf4 f5
15. exf5 Bxf5 16. Qf3 Qd7 17. Qg3 Rf6 18. Rf3 Raf8 19. Raf1 c5 20. Qe1 Bg6 21.
Qb1 Qc6 22. Bg3 1/2-1/2

[Event "47th World Open"]
[Site "Philadelphia"]
[Date "2019.07.05"]
[Round "4"]
[White "Jacobson, Brandon"]
[Black "Cordova, Emilio"]
[Result "1-0"]
[WhiteElo "2456"]
[BlackElo "2615"]
[PlyCount "103"]
[EventDate "2019.07.??"]
[EventType "swiss"]
[EventRounds "9"]
[EventCountry "USA"]

1. e4 c5 2. Nf3 Nc6 3. Bb5 g6 4. O-O Bg7 5. Re1 Nf6 6. e5 Ng4 7. Bxc6 dxc6 8.
d3 O-O 9. Bf4 Nh6 10. Nbd2 b6 11. a4 a5 12. Ne4 Nf5 13. Qd2 Nd4 14. Nxd4 Qxd4
15. c3 Qd5 16. c4 Qd8 17. Ng3 Ra7 18. Rad1 Rd7 19. Bh6 f5 20. Bxg7 Kxg7 21. f4
e6 22. Qe3 Ba6 23. b3 Qe7 24. Rd2 Rfd8 25. Red1 Kf7 26. Ne2 h6 27. g3 Bb7 28.
h4 b5 29. Nc3 bxa4 30. Nxa4 Rd4 31. Nc3 Rb8 32. Ne2 Rd7 33. Ra1 Ra8 34. Rda2
Qd8 35. Nc1 Rd4 36. Qd2 g5 37. Rxa5 Rb8 38. hxg5 hxg5 39. Qh2 Kg6 40. R5a2 Qe7
41. Ne2 g4 42. Nxd4 cxd4 43. Qh4 Qxh4 44. gxh4 c5 45. Kf2 Kh5 46. Kg3 Be4 47.
dxe4 Rxb3+ 48. Kg2 fxe4 49. f5 exf5 50. e6 Kg6 51. h5+ Kf6 52. h6 1-0

[Event "47th World Open"]
[Site "Philadelphia"]
[Date "2019.07.05"]
[Round "4"]
[White "Andriasian, Zaven"]
[Black "Song, Edward"]
[Result "1-0"]
[WhiteElo "2589"]
[BlackElo "2394"]
[PlyCount "55"]
[EventDate "2019.07.??"]
[EventType "swiss"]
[EventRounds "9"]
[EventCountry "USA"]

1. e4 c5 2. Nf3 Nc6 3. Bb5 g6 4. Bxc6 dxc6 5. d3 Bg7 6. h3 Nf6 7. Nc3 Nd7 8.
Be3 e5 9. Qd2 h6 10. Nh2 b6 11. O-O Nf8 12. f4 exf4 13. Bxf4 Ne6 14. Bg3 c4 15.
Rad1 cxd3 16. cxd3 O-O 17. e5 h5 18. Nf3 Nd4 19. Ne4 Nxf3+ 20. Rxf3 Qd4+ 21.
Kh1 c5 22. Nf6+ Kh8 23. Qe2 Bxf6 24. Rxf6 Be6 25. Rf4 Qd7 26. Bh4 Kg8 27. Bf6
Rfd8 28. Rh4 1-0

[Event "47th World Open"]
[Site "Philadelphia"]
[Date "2019.07.05"]
[Round "4"]
[White "Shetty, Atulya"]
[Black "Erenburg, Sergey"]
[Result "0-1"]
[WhiteElo "2420"]
[BlackElo "2574"]
[PlyCount "58"]
[EventDate "2019.07.??"]
[EventType "swiss"]
[EventRounds "9"]
[EventCountry "USA"]

1. c4 e6 2. g3 d5 3. Bg2 Nf6 4. Nf3 dxc4 5. Qa4+ c6 6. Qxc4 b5 7. Qc2 Bb7 8.
O-O Nbd7 9. a4 Be7 10. Nd4 Rc8 11. Nxc6 Bxc6 12. Bxc6 b4 13. Bxd7+ Qxd7 14. Qb3
h5 15. Qf3 h4 16. d3 hxg3 17. hxg3 Rc5 18. Be3 Rch5 19. Nd2 Nd5 20. Qg2 g5 21.
g4 Rh3 22. Rac1 Qb7 23. Nf3 Nxe3 24. fxe3 Bd6 25. Kf2 Rh2 26. Nxh2 Rxh2 27.
Qxh2 Bxh2 28. Rc4 Qb8 29. Ke1 Qe5 0-1

[Event "47th World Open"]
[Site "Philadelphia"]
[Date "2019.07.05"]
[Round "4"]
[White "Lapshun, Yury"]
[Black "Ghaem Maghami, Ehsan"]
[Result "1/2-1/2"]
[WhiteElo "2392"]
[BlackElo "2544"]
[PlyCount "77"]
[EventDate "2019.07.??"]
[EventType "swiss"]
[EventRounds "9"]
[EventCountry "USA"]

1. d4 Nf6 2. Nf3 d5 3. Bf4 c5 4. c3 Nc6 5. e3 a6 6. Bd3 Bg4 7. Nbd2 e6 8. O-O
Bd6 9. Bg3 O-O 10. Re1 Bxg3 11. hxg3 e5 12. dxe5 Nxe5 13. Qc2 Nxd3 14. Qxd3 Re8
15. b4 Qe7 16. bxc5 Qxc5 17. Reb1 Re7 18. a4 Rc8 19. Rb3 Ne4 20. Rc1 Qa5 21.
Qd4 Bxf3 22. gxf3 Nxd2 23. Qxd2 Qxa4 24. Rb6 Rd7 25. Rcb1 Rcc7 26. R1b3 h6 27.
Qb2 Qc4 28. Rxb7 Rxb7 29. Rxb7 Rxb7 30. Qxb7 g6 31. Qb8+ Kh7 32. Qf8 Qc7 33.
Qa8 a5 34. Qxd5 a4 35. c4 Qa7 36. c5 a3 37. Qa2 Qxc5 38. Qxf7+ Kh8 39. e4
1/2-1/2

[Event "47th World Open"]
[Site "Philadelphia"]
[Date "2019.07.05"]
[Round "4"]
[White "Husbands, Orlando"]
[Black "Corrales Jimenez, Fidel"]
[Result "0-1"]
[WhiteElo "2289"]
[BlackElo "2548"]
[PlyCount "82"]
[EventDate "2019.07.??"]
[EventType "swiss"]
[EventRounds "9"]
[EventCountry "USA"]

1. e4 c5 2. Nf3 a6 3. Nc3 d6 4. d4 cxd4 5. Nxd4 Nf6 6. Be2 e5 7. Nb3 Be7 8. Be3
O-O 9. O-O Be6 10. Nd5 Nbd7 11. Qd3 Bxd5 12. exd5 Rc8 13. c4 Nc5 14. Nxc5 dxc5
15. Rfd1 e4 16. Qd2 Bd6 17. Bf4 Ne8 18. a3 Qf6 19. Bxd6 Nxd6 20. Rac1 Rc7 21.
b4 Qe5 22. bxc5 Rxc5 23. Rb1 Rfc8 24. Rb6 g6 25. Qb4 e3 26. f3 Nxc4 27. Rxb7 a5
28. Qb3 Nd2 29. Qa4 Rxd5 30. Qh4 Nxf3+ 31. Bxf3 Rxd1+ 32. Bxd1 e2 33. Bxe2 Qxe2
34. Rb1 Qe3+ 35. Qf2 Rc1+ 36. Rxc1 Qxc1+ 37. Qf1 Qxa3 38. Qb5 Qa1+ 39. Kf2 a4
40. g4 a3 41. g5 Qb2+ 0-1

[Event "47th World Open"]
[Site "Philadelphia"]
[Date "2019.07.05"]
[Round "4"]
[White "Chirila, Ioan-Cristian"]
[Black "Yip, Carissa"]
[Result "1-0"]
[WhiteElo "2534"]
[BlackElo "2285"]
[PlyCount "49"]
[EventDate "2019.07.??"]
[EventType "swiss"]
[EventRounds "9"]
[EventCountry "USA"]

1. d4 Nf6 2. Bf4 g6 3. Nc3 d5 4. e3 Bg7 5. h4 c6 6. Be2 Nbd7 7. h5 Qa5 8. Qd2
b5 9. a3 Nb6 10. h6 Bf8 11. b4 Qa6 12. Nf3 Nh5 13. e4 dxe4 14. Ne5 Be6 15. Nxc6
Nc4 16. Bxc4 Bxc4 17. d5 Qc8 18. Be3 Nf6 19. Qd4 a6 20. Ne5 Qf5 21. g4 Nxg4 22.
Nxg4 Qxg4 23. Qxh8 f6 24. Qg8 Qg2 25. O-O-O 1-0

[Event "47th World Open"]
[Site "Philadelphia"]
[Date "2019.07.05"]
[Round "4"]
[White "Furfine, Jacob"]
[Black "Finegold, Benjamin"]
[Result "0-1"]
[WhiteElo "2269"]
[BlackElo "2475"]
[PlyCount "60"]
[EventDate "2019.07.??"]
[EventType "swiss"]
[EventRounds "9"]
[EventCountry "USA"]

1. d4 d6 2. Nf3 Bg4 3. e3 Nf6 4. Be2 e6 5. O-O Nbd7 6. c4 c6 7. b3 d5 8. Bb2
Bd6 9. Nc3 O-O 10. h3 Bh5 11. Qc2 Qe7 12. e4 Bg6 13. Bd3 dxc4 14. bxc4 e5 15.
dxe5 Nxe5 16. Nxe5 Bxe5 17. Rae1 Nh5 18. g3 Rad8 19. Kg2 Qd6 20. Re3 Bd4 21.
Rf3 Nf6 22. Rd1 Rfe8 23. Rf4 Be5 24. Rf3 Bd4 25. Rf4 Qe5 26. Rh4 Qe7 27. Be2
Nxe4 28. Rxe4 Bxe4+ 29. Qxe4 Qxe4+ 30. Nxe4 Bxb2 0-1

[Event "47th World Open"]
[Site "Philadelphia"]
[Date "2019.07.05"]
[Round "4"]
[White "Katz, Alexander"]
[Black "Graif, William"]
[Result "1/2-1/2"]
[WhiteElo "2429"]
[BlackElo "2218"]
[PlyCount "43"]
[EventDate "2019.07.??"]
[EventType "swiss"]
[EventRounds "9"]
[EventCountry "USA"]

1. Nf3 d5 2. d4 Nf6 3. Bf4 c5 4. c3 Qb6 5. Qb3 c4 6. Qc2 Ne4 7. e3 Bf5 8. Nh4
Bd7 9. f3 Nf6 10. e4 e6 11. Nd2 Be7 12. g3 Nh5 13. Be3 Bxh4 14. gxh4 Qd8 15. b3
cxb3 16. Qxb3 Bc6 17. Bf2 Nd7 18. Rg1 Ndf6 19. Be3 Qc7 20. e5 Ng8 21. Be2 g6
22. Nf1 1/2-1/2